000 00672nam a2200217 i 4500
001 bg
100 1 _aCHAJĘCKI, Andrzej
245 1 0 _aPrywatyzacja jako transformacja gospodarki w Polsce /
_cAndrzej Chajęcki.
260 _aBydgoszcz :
_bWydaw. Uczelniane Akademii Techniczno-Rolniczej,
_ccop. 1995.
300 _a99 s. :
_bwykr. ;
_c24 cm.
504 _aBibliogr. s. 92-99.
650 9 _aPrywatyzacja
_zPolska
651 9 _aPolska
_xgospodarka
_xpolityka
_yod 1989 r.
020 _a8390085372
040 _cBPK
041 0 _apl
080 _a338.242::334.72](438)"1989/..."
920 _a83-900853-7-2
942 _cKS
008 s pl f |000 0 pol
999 _c31101
_d31101
856 _uhttp://koha.tu.koszalin.pl/cgi-bin/koha/opac-detail.pl?biblionumber=31101
_yKatalog online BPK